000
00454nam a2200145Ia 4500
008
151213s9999 xx 000 0 und d
100
_a
আন্তন চেখভ।
245
_a
তিন তরঙ্গ।
_c
আন্তন চেখভ।
260
_a
ঢাকা
_b
বাংলা একাডেমী।
_c
1983
300
_a
8766 p.
650
_a
Bangla
650
_a
গল্প
700
_a
আন্তন চেখভ।
999
_c
4551
_d
4551